00452 a2200133 4500001000900000005001700009008004100026245009500067100002900162700002100191700002000212773007100232999001500303ART_945220260410161559.0260409a 10aHablemos de un presupuesto tradicional económico-financiero para la gestión empresaria1 aGiménez, Carlos Manuel1 aMacrini, Domingo1 aMiyaji, Ricardo0 tProfesional & Empresariag- Año XIII, Nº 156 (sep. 2012)wREV70 c9521d9521